Score 0/40 Timer 07:00
4 Plays Today
% Correct
Potter
97.4%
Driver
97%
Professor
96.2%
Detective
95.6%
Ranger
94.5%
Spy
94.5%
Poet
94.4%
Hunter
94.3%
Singer
94.1%
Anchorman
93.2%
Mall Cop
92.9%
Nanny
92.7%
Cop
92.6%
Maid
92.3%
Gigolo
91.9%
Geisha
91.8%
Miner
91.6%
Teacher
90.7%
Model
89.8%
President
88.4%
% Correct
Barber
88.3%
Bodyguard
88.1%
Agent
87.7%
Doctor
87.3%
Judge
85.8%
Coach
84%
Tinker
83.4%
Sailor
82.8%
Baker
82%
Scout
81.2%
Lawyer
81%
Dancer
75.1%
Assistant
75%
Gardener
74.1%
Shepherd
71.3%
Writer
69.2%
Inspector
67.9%
Soldier
65.9%
Farmer
59.3%
Tailor
52.6%
Remove Ads.
Support Sporcle.
Get the best of Sporcle when you Go Orange. This ad-free experience offers more features, more stats, and more fun while also helping to support Sporcle. Thank you for becoming a member.

You're not logged in!

Compare scores with friends on all Sporcle quizzes.
OR
Log In

Show Comments

Extras

Top Quizzes Today


Score Distribution

Your Account Isn't Verified!

In order to create a playlist on Sporcle, you need to verify the email address you used during registration. Go to your Sporcle Settings to finish the process.

Report this User

Report this user for behavior that violates our Community Guidelines.

Details: